The Heritage of Village Raghurajpur (Record no. 8999)
[ view plain ]
| 000 -LEADER | |
|---|---|
| fixed length control field | 00441nam a22001577a 4500 |
| 005 - DATE AND TIME OF LATEST TRANSACTION | |
| control field | 20250606114414.0 |
| 008 - FIXED-LENGTH DATA ELEMENTS--GENERAL INFORMATION | |
| fixed length control field | 250606b |||||||| |||| 00| 0 eng d |
| 041 ## - LANGUAGE CODE | |
| Language | Odia |
| 082 ## - DEWEY DECIMAL CLASSIFICATION NUMBER | |
| Classification number | 891.453 SWA |
| 100 ## - MAIN ENTRY--PERSONAL NAME | |
| Main Author Name | Swain, Bhagwan |
| 245 ## - TITLE STATEMENT | |
| Title | The Heritage of Village Raghurajpur |
| 260 ## - PUBLICATION, DISTRIBUTION, ETC. | |
| Place of publication | Bhubaneswar |
| publisher Name | Paramapara |
| Date of publication | 2022 |
| 300 ## - PHYSICAL DESCRIPTION | |
| Number Of Page | 312p. |
| 650 ## - SUBJECT ADDED ENTRY--TOPICAL TERM | |
| Keyword | Odiya Literature, Odia Literature |
| Subject | Odiya Literature, Odia Literature |
| 942 ## - ADDED ENTRY ELEMENTS (KOHA) | |
| Koha item type | Donated Book |
| Lost status | Source of classification or shelving scheme | Not for loan | Home library | Current library | Date last seen | Koha item type | School | Inventory number | Total Checkouts | Full call number | Barcode | Copy number | Price effective from | Withdrawn status | Date acquired | Source of acquisition | Cost, normal purchase price |
|---|---|---|---|---|---|---|---|---|---|---|---|---|---|---|---|---|---|
| Dewey Decimal Classification | Birla Global University | Birla Global University | 06/06/2025 | Donated Book | School of Social Science & Humanities | 1 | 891.453 SWA | G682 | 2 | 06/06/2025 | Dr. Suvendu Patrihari | 315.00 | |||||
| Dewey Decimal Classification | Birla Global University | Birla Global University | 06/06/2025 | Donated Book | School of Social Science & Humanities | 1 | 891.453 SWA | G683 | 3 | 06/06/2025 | Dr. Suvendu Patrihari | 315.00 |

2cqr automation private limited, Chennai. All Rights Reserved.